000 nam a22 7a 4500
999 _c147095
_d147093
005 20190219112934.0
008 190219b cau||||| |||| 00| 0 eng d
020 _a0534001254
050 0 4 _aQA154
_bB43 1971
100 _aBeckenbach, Edwin F.
245 1 0 _aEssentials of college algebra
_c/ [by] Edwin F. Beckenbach, Irving Drooyan [and] William Wooton.
250 _a1a ed.
260 _aBelmont, CA. :
_bWadsworth Publishing Company,
_cc1971
300 _a340 p. :
_bil. ;
_c28 cm.
650 7 _2lemb
_aÁlgebra
942 _2lcc
_cLIB